Scoring Leaders 2012/13 NBA Season - Statistics

General Stats
  • This quiz has been taken 1,281 times
  • The average score is 12 of 20
Answer Stats
Points Per Game Player % Correct
26.8 LeBron James
100%
28.1 Kevin Durant
96%
25.9 James Harden
95%
27.3 Kobe Bryant
91%
22.2 Dwyane Wade
84%
23.2 Russell Westbrook
84%
28.7 Carmelo Anthony
83%
18.6 Paul Pierce
80%
22.9 Stephen Curry
79%
17.8 Al Jefferson
66%
18.0 Blake Griffin
60%
19.0 Damian Lillard
43%
22.1 LaMarcus Aldridge
42%
18.9 Deron Williams
41%
18.1 DeMar DeRozan
32%
18.1 J.R. Smith
32%
19.2 Monta Ellis
26%
19.4 Brook Lopez
25%
18.2 Rudy Gay
20%
18.5 David Lee
18%
No matching quizzes found
Score Distribution
Percent of People with Each Score
Percentile by Number Answered
Your Score History
You have not taken this quiz